000 00394 a2200133 4500
001 90570
082 _aPR 972
090 _c42906
_d42906
100 _aFaheem Kayani; Murid H Mughal, advisors
245 _aFixing of thrust measuring system on the test-bed and caliberating IT
_nG-28
260 _aKarachi
_bNED University
_c1988
300 _a71 p.
_bhand written
500 _aBE Project Reports
942 _aCAE NUST
_kPR 972
999 _c325643
_d325643